Statistics for countries of the world without map-hard version

Click here to take the quiz!

General Stats

  • This quiz has been taken 56 times
    (32 since last reset)
  • The average score is 188 of 196

Answer Stats

Answer% Correct
afghanistan
100%
algeria
100%
angola
100%
argentina
100%
armenia
100%
australia
100%
austria
100%
bahrain
100%
bangladesh
100%
benin
100%
bosnia
100%
brazil
100%
brunei
100%
bulgaria
100%
cambodia
100%
canada
100%
central african republic
100%
chad
100%
chile
100%
china
100%
colombia
100%
croatia
100%
cuba
100%
democratic republic of the congo
100%
east timor
100%
egypt
100%
estonia
100%
fiji
100%
france
100%
georgia
100%
ghana
100%
guinea
100%
haiti
100%
hungary
100%
india
100%
iran
100%
iraq
100%
ireland
100%
israel
100%
italy
100%
ivory coast
100%
jamaica
100%
japan
100%
jordan
100%
kyrgyzstan
100%
laos
100%
latvia
100%
lebanon
100%
libya
100%
lithuania
100%
madagascar
100%
malaysia
100%
mauritania
100%
mexico
100%
mozambique
100%
myanmar
100%
new zealand
100%
niger
100%
nigeria
100%
north korea
100%
pakistan
100%
papua new guinea
100%
peru
100%
philippines
100%
poland
100%
portugal
100%
republic of the congo
100%
romania
100%
saudi arabia
100%
senegal
100%
serbia
100%
singapore
100%
slovakia
100%
slovenia
100%
south africa
100%
south korea
100%
south sudan
100%
sudan
100%
switzerland
100%
syria
100%
tajikistan
100%
tanzania
100%
thailand
100%
togo
100%
turkey
100%
uganda
100%
ukraine
100%
united arab emirates
100%
united kingdom
100%
united states
100%
venezuela
100%
yemen
100%
zambia
100%
albania
93%
andorra
93%
antigua and barbuda
93%
azerbaijan
93%
barbados
93%
belarus
93%
belize
93%
bhutan
93%
bolivia
93%
botswana
93%
burundi
93%
cameroon
93%
cape verde
93%
costa rica
93%
cyprus
93%
czech republic
93%
djibouti
93%
dominica
93%
dominican republic
93%
ecuador
93%
El salvador
93%
equatorial guinea
93%
eritrea
93%
eswatini
93%
ethiopia
93%
finland
93%
gabon
93%
gambia
93%
germany
93%
grenada
93%
guatemala
93%
guinea-bissau
93%
guyana
93%
honduras
93%
iceland
93%
kazakhstan
93%
kenya
93%
kiribati
93%
kosovo
93%
kuwait
93%
lesotho
93%
liberia
93%
liechtenstein
93%
luxembourg
93%
maldives
93%
mali
93%
malta
93%
mauritius
93%
micronesia
93%
moldova
93%
monaco
93%
mongolia
93%
morocco
93%
namibia
93%
nauru
93%
nepal
93%
nicaragua
93%
norway
93%
oman
93%
palau
93%
panama
93%
paraguay
93%
qatar
93%
russia
93%
rwanda
93%
samoa
93%
san marino
93%
seychelles
93%
sierra leone
93%
solomon islands
93%
somalia
93%
spain
93%
srilanka
93%
st kitts and nevis
93%
st lucia
93%
st vincent and the grenadines
93%
suriname
93%
sweden
93%
taiwan
93%
tonga
93%
trinidad and tobago
93%
tunisia
93%
turkmenistan
93%
tuvalu
93%
uruguay
93%
uzbekistan
93%
vanuatu
93%
vatican city
93%
vietnam
93%
zimbabwe
93%
bahamas
86%
belgium
86%
burkinafaso
86%
comoros
86%
denmark
86%
greece
86%
indonesia
86%
malawi
86%
marshall islands
86%
montenegro
86%
netherlands
86%
são tomé and príncipe
86%
macedonia
79%

Score Distribution

Percentile by Number Answered

Percent of People with Each Score

Your Score History

You have not taken this quiz since the last reset